000 00955nam a2200241 a 4500
999 _c10236
_d10236
001 10236
003 BD-JhCC
005 20180421181407.0
008 180421s2003 bg |||| |||| 000 0 ben d
020 _a9848488081
035 _a(BD-JhCC)10236
040 _aBD-JhCC
_dBD-JhCC
041 _aben
082 _a891.4415
_bIQB 2003
100 _aইকবাল, আল্লামা মুহাম্মদ
245 _aযরবে কালীম :
_bবার্তমান যুগের বিরুদ্ধে যুদ্ধ ঘোষণা /
_cআল্লামা মুহাম্মদ ইকবাল ; আবদুল মান্নান তালিব [অনু:]
260 _aঢাকা :
_bআল্লামা ইকবাল সংসদ,
_c2003.
300 _a144 P. :
_c22 cm.
650 _aIslamic Poetry
700 _aতালিব, আবদুল মান্নান
942 _2ddc
_cBK